000 00536 a2200205 4500
005 20260226131937.0
008 260226b |||||||| |||| 00| 0 eng d
020 _a9789359306841
_cRs.595.00
040 _aMAIN
082 _a658.45
_bM119B
100 _aMadhukar, R K
245 _aBusiness communication
250 _a4th
260 _bvikas Publishing House
_c2025
_aNoida
300 _axvii, 513
650 _aBusiness Writing
650 _aCommercial Correspondence
650 _aCommunication in Management
942 _cBK
999 _c396962
_d396962